Controlling factors in economic development
This book introduce the nature of a synthesis of the economic studies in which the author has participated during the last thirty years. Such an interpretative treatise was conceived as an ultimate objective at the time the brookingd institution was established and its broad program of nivestigation...
Bewaard in:
| Hoofdauteur: | |
|---|---|
| Formaat: | Boek |
| Taal: | Undetermined |
| Gepubliceerd in: |
Washington
Brookings Institution
1949
|
| Onderwerpen: | |
| Tags: |
Voeg label toe
Geen labels, Wees de eerste die dit record labelt!
|
| Thư viện lưu trữ: | Trung tâm Học liệu Trường Đại học Cần Thơ |
|---|
| LEADER | 00855nam a2200193Ia 4500 | ||
|---|---|---|---|
| 001 | CTU_227891 | ||
| 008 | 210402s9999 xx 000 0 und d | ||
| 082 | |a 338 | ||
| 082 | |b M927 | ||
| 100 | |a Moulton, Harold G. | ||
| 245 | 0 | |a Controlling factors in economic development | |
| 245 | 0 | |c Harold G. Moulton | |
| 260 | |a Washington | ||
| 260 | |b Brookings Institution | ||
| 260 | |c 1949 | ||
| 520 | |a This book introduce the nature of a synthesis of the economic studies in which the author has participated during the last thirty years. Such an interpretative treatise was conceived as an ultimate objective at the time the brookingd institution was established and its broad program of nivestigation was organized. | ||
| 650 | |a Chính sách kinh tế,Economic policy | ||
| 910 | |b dqhieu | ||
| 980 | |a Trung tâm Học liệu Trường Đại học Cần Thơ | ||